| 000 | 00530nam a2200193Ia 4500 | ||
|---|---|---|---|
| 005 | 20250508152209.0 | ||
| 008 | 008 250505s9999 xx 000 0 eng d | ||
| 037 | _aTextual | ||
| 040 |
_aFEDL _beng _cFEDL |
||
| 041 |
_aeng _2eng |
||
| 084 |
_a635, COO _qFEDL |
||
| 100 |
_aShewell-Cooper W E _9758005 |
||
| 245 | 0 | _aGardening | |
| 260 |
_aLondon, UK _bEnglish Universities Press Ltd. _c1957 |
||
| 300 | _a96p | ||
| 490 | _aA Junior teach yourself book | ||
| 942 |
_cTEXL _h635, COO |
||
| 999 |
_c1334902 _d1334902 |
||